Click The World In a Random Order - Statistics

General Stats
  • This quiz has been taken 33 times
    7 since last reset
  • The average score is 93 of 196
Answers on the Map
Answers color-coded by a green-red scale on the quiz's map according to % correct below.
 
Answer Stats
Answer % Correct
Brazil
100%
Ireland
86%
Chile
71%
Dominican Republic
71%
Iran
71%
Madagascar
71%
New Zealand
71%
Peru
71%
Portugal
71%
Sweden
71%
Turkey
71%
Ukraine
71%
Vietnam
71%
Afghanistan
57%
Argentina
57%
Australia
57%
Austria
57%
Bahamas
57%
Bangladesh
57%
Cambodia
57%
Canada
57%
Central African Republic
57%
China
57%
Colombia
57%
Cuba
57%
Cyprus
57%
Democratic Republic Of The Congo
57%
Denmark
57%
Egypt
57%
El Salvador
57%
Finland
57%
France
57%
Germany
57%
Ghana
57%
Greece
57%
Haiti
57%
Iceland
57%
India
57%
Indonesia
57%
Iraq
57%
Italy
57%
Jamaica
57%
Japan
57%
Kazakhstan
57%
Laos
57%
Latvia
57%
Liberia
57%
Mexico
57%
Mongolia
57%
Morocco
57%
Mozambique
57%
Nepal
57%
Netherlands
57%
North Korea
57%
Norway
57%
Oman
57%
Pakistan
57%
Palestine
57%
Panama
57%
Papua New Guinea
57%
Poland
57%
Russia
57%
Saudi Arabia
57%
Somalia
57%
South Africa
57%
South Korea
57%
South Sudan
57%
Spain
57%
Sudan
57%
Switzerland
57%
Thailand
57%
UAE
57%
UK
57%
USA
57%
Uzbekistan
57%
Venezuela
57%
Yemen
57%
Zimbabwe
57%
Albania
43%
Algeria
43%
Angola
43%
Armenia
43%
Azerbaijan
43%
Belarus
43%
Belgium
43%
Belize
43%
Benin
43%
Bhutan
43%
Bolivia
43%
Bosnia and Herzegovina
43%
Botswana
43%
Brunei
43%
Bulgaria
43%
Burkina Faso
43%
Burundi
43%
Cameroon
43%
Cape Verde
43%
Chad
43%
Comoros
43%
Costa Rica
43%
Croatia
43%
Djibouti
43%
East Timor
43%
Equador
43%
Equatorial Guinea
43%
Eritrea
43%
Estonia
43%
Eswatini
43%
Ethiopia
43%
Gabon
43%
Gambia
43%
Georgia
43%
Guatemala
43%
Guinea
43%
Guinea-Bissau
43%
Guyana
43%
Honduras
43%
Hungary
43%
Israel
43%
Ivory Coast
43%
Jordan
43%
Kenya
43%
Kosovo
43%
Kyrgyzstan
43%
Lebanon
43%
Lesotho
43%
Libya
43%
Lithuania
43%
Luxembourg
43%
Malawi
43%
Malaysia
43%
Maldives
43%
Mali
43%
Malta
43%
Marshall Islands
43%
Mauritania
43%
Mauritius
43%
Moldova
43%
Myanmar
43%
Namibia
43%
Nauru
43%
Nicaragua
43%
Niger
43%
Nigeria
43%
North Macedonia
43%
Paraguay
43%
Philippines
43%
Qatar
43%
Republic of the Congo
43%
Romania
43%
Rwanda
43%
Sao Tome and Principe
43%
Senegal
43%
Serbia
43%
Seychelles
43%
Sierra Leone
43%
Singapore
43%
Slovakia
43%
Slovenia
43%
Solomon Islands
43%
Sri Lanka
43%
Suriname
43%
Syria
43%
Taiwan
43%
Tanzania
43%
Togo
43%
Tonga
43%
Trinidad and Tobago
43%
Tunisia
43%
Turkmenistan
43%
Tuvalu
43%
Uganda
43%
Uruguay
43%
Zambia
43%
Bahrain
29%
Barbados
29%
Czechia
29%
Fiji
29%
Grenada
29%
Kiribati
29%
Liechtenstein
29%
Micronesia
29%
Monaco
29%
Montenegro
29%
Palau
29%
Samoa
29%
San Marino
29%
Tajikistan
29%
Vatican City
29%
Andorra
14%
Antigua and Barbuda
14%
Dominica
14%
Saint Kitts and Nevis
14%
Saint Lucia
14%
Vanuatu
14%
Saint Vincent and the Grenadines
0%
No matching quizzes found
Score Distribution
Percent of People with Each Score
Percentile by Number Answered
Your Score History
You have not taken this quiz since the last reset